|
|
|
|
| LEADER |
01849cas a2200241 a 4500 |
| 001 |
AALejournalIMF004173 |
| 008 |
230101c9999 xx r poo 0 0eng d |
| 020 |
|
|
|c 5.00 USD
|
| 020 |
|
|
|z 9781451863901
|
| 022 |
|
|
|a 1018-5941
|
| 040 |
|
|
|a BD-DhAAL
|c BD-DhAAL
|
| 100 |
1 |
|
|a Bouhga-Hagbe, Jacques.
|
| 245 |
1 |
0 |
|a Altruism and Workers' Remittances :
|b Evidence from Selected Countries in the Middle East and Central Asia /
|c Jacques Bouhga-Hagbe.
|
| 264 |
|
1 |
|a Washington, D.C. :
|b International Monetary Fund,
|c 2006.
|
| 300 |
|
|
|a 1 online resource (29 pages)
|
| 490 |
1 |
|
|a IMF Working Papers
|
| 500 |
|
|
|a <strong>Off-Campus Access:</strong> No User ID or Password Required
|
| 500 |
|
|
|a <strong>On-Campus Access:</strong> No User ID or Password Required
|
| 506 |
|
|
|a Electronic access restricted to authorized BRAC University faculty, staff and students
|
| 520 |
3 |
|
|a Workers' remittances have been playing an increasingly important role in the balance of payments of many countries and can significantly contribute to the strength of their external positions. Assessing the likely stability of remittance flows could be a valuable input to the analysis of their external vulnerabilities. This paper argues that "altruism," as a motive to send money home, would contribute to the stability of these flows. Using a simple framework that relates workers' remittances to agricultural GDP, which is used as an indicator of economic "hardship" in the home country, evidence suggests that altruism could have played an important role in the flow of remittances to Egypt, Jordan, Morocco, Pakistan, and Tunisia in recent years.
|
| 538 |
|
|
|a Mode of access: Internet
|
| 830 |
|
0 |
|a IMF Working Papers; Working Paper ;
|v No. 2006/130
|
| 856 |
4 |
0 |
|z Full text available on IMF
|u http://elibrary.imf.org/view/journals/001/2006/130/001.2006.issue-130-en.xml
|z IMF e-Library
|